000 01158nam a2200337 i 4500
003 EG-GICUC
005 20260401100018.0
008 260401s1980 fr ||fr|||| 000 0 eng d
020 _a9231017810
040 _aEG-GiCUC
_beng
_cEG-GiCUC
_dEG-GiCUC
_erda
041 0 _aeng
082 0 4 _221
_a341.48
_bCO . T
092 0 4 _221
099 _aLaw1 11 341.48 CO . T 1980
111 2 _aInternational Congress On The Teaching Of Human Rights
_cVienna
_dSeptember 1978
_eAuthor.
245 1 0 _aInternational Congress On The Teaching Of Human Rights :
_bThirtieth Anniversary Of The Universal Declaration Of Human Rights.
264 1 _aParis :
_bUnesco,
_c1980.
300 _a259 pages,
_c24 cm.
336 _2rda content
_atext
337 _2rda media
_aComputer
338 _2rda carrier
_aOnline Resource
504 _a
504 _a
546 _aText in English
650 1 4 _aPublic international law
_2qrmak
651 1 _2qrmak
710 2 _aUnder The Auspices Of The United Nations Organization For Education, Science And Culture
856 4 0 _uhttps://fll.law.cu.edu.eg/fulltext/bks/B11-09353.pdf
905 _a48
942 _2ddc
_cCP
_e21
_n0
999 _c68067
_d68067